000 00991nam a2200289 i 4500
001 183585
003 ES-MaACL
005 20250905142154.0
008 140724s2012 sp | |||||||| | cat d
020 _a978-84-92416-54-7
080 _a821.134.1-6"19"
100 1 _aTorralba Roselló, Francesc (
_d1967-)
_9155081
245 1 0 _aAmb Déu o sense
_b: quaranta cartes creuades /
_cFrancesc Torralba, Vicenç Villatoro.
250 _a1ª ed.
260 _aBarcelona :
_bFragmenta,
_c2012.
300 _a349 p. ;
_c21 cm.
490 1 _aAssaig ;
_v25
650 4 _aValores (Filosofía)
_9154937
650 4 _aVida espiritual.
_912505
700 1 _aVillatoro, Vicenç,
_d1957-
_9155082
830 0 _aAssaig ;
_v25
_9192010
852 _aES-MaACL
_jA-13187
_9190527
_bR.150077
_cDEPO1
_dOlim: N-6187
_hDonación: Carlos Paris
903 _aParís, Carlos,
_d1925-2014
_ednr
_q1
_989133
942 _2udc
_cMONOGRAFIA
999 _c183585
_d183585